| 000 | 00919cam a22002891 4500 | ||
|---|---|---|---|
| 001 | sa 67006610 | ||
| 003 | DLC | ||
| 005 | 20260227112409.0 | ||
| 008 | 790809s1965 ii 000 0 eng | ||
| 010 | _asa 67006610 | ||
| 025 | _aPL480: I-E-6471 | ||
| 035 | _a(OCoLC)5255703 | ||
| 040 |
_aDLC _cNIC _dDLC |
||
| 041 | 0 | _aenghin | |
| 042 | _apremarc | ||
| 050 | 0 | 0 |
_aPK1933 _b.F28 |
| 100 | 1 | _aFairbanks, Gordon H. | |
| 245 | 1 | 0 |
_aHindi: _ba spoken approach, _cby G. H. Fairbanks & P. B. Pandit. |
| 250 | _a[1st ed.] | ||
| 260 |
_aPoona, _bDeccan College Postgraduate and Research Institute _c[1965] |
||
| 300 |
_aviii, 84 p. _c22 cm. |
||
| 490 | 1 |
_aDeccan College building centenary and silver jubilee series, _v37 |
|
| 500 | _aEnglish or Hindi. | ||
| 650 | 0 |
_aHindi language _xGrammar. |
|
| 700 | 1 | _aPandit, Prabodh Bechardas. | |
| 830 | 0 |
_aDeccan College building centenary and silver jubilee series ; _v37. |
|
| 999 |
_c76070 _d76070 |
||